000 00482nam a2200181Ia 4500
001 18599
005 20260306171642.0
008 260306s9999||||xx |||||||||||||| ||und||
041 _aESP
082 _a658.4092
_bD61
100 _aOficina Internacional del Trabajo
_eAUT
245 0 _aDesarrollo de la capacidad de liderazgo para dirigentes y futuros lĂ­deres empresariales
260 _c1999
300 _a
_c
650 _aGEN
654 _aCAN
942 _cLIB
_dJUS
_fJUS
_2ddc
_n
999 _c18599
_d18599